000 00429nam a2200181Ia 4500
008 090123s9999 xx 000 0 und d
082 _b25448
100 _aपै शिरीष
245 _aसय
250 _a1
260 _bदिलिप प्रकाशन
300 _a176
600 _aपै शिरीष
630 _aसय
700 _aपै शिरीष
730 _aसय
942 _cBOOK
999 _c63519
_d63519